JoJo's Bizarre Adventure Stand Quiz - Statistics

General Stats
  • This quiz has been taken 512 times
  • The average score is 12 of 15
Answer Stats
Hint Answer % Correct
Joseph Joestar Hermit Purple
98%
Okuyasu Nijamura The Hand
96%
Rohan Kishibe Heaven's Door
95%
Bruno Bucciarati Sticky Fingers
94%
Muhammed Avdol Magician's Red
93%
Leone Abbachio Moody Blues
87%
Enrico Pucci Whitesnake
83%
Vanilla Ice Cream
81%
Risotto Nero Metallica
78%
Josuke Higashikata (Part 8) Soft & Wet
77%
Ermes Costello Kiss
76%
Akira Otoishi Red Hot Chili Pepper
62%
Ghiaccio White Album
60%
Carne Notorious B.I.G
56%
Toyohiro Kanedaichi Superfly
42%
No matching quizzes found
Score Distribution
Percent of People with Each Score
Percentile by Number Answered
Your Score History
You have not taken this quiz